Global business today / (Record no. 2167)

000 -LEADER
fixed length control field 01148cam a2200325 a 4500
001 - CONTROL NUMBER
control field 16204916
003 - CONTROL NUMBER IDENTIFIER
control field OSt
005 - DATE AND TIME OF LATEST TRANSACTION
control field 20160623115635.0
008 - FIXED-LENGTH DATA ELEMENTS--GENERAL INFORMATION
fixed length control field 100427s2011 nyuab b 001 0 eng
010 ## - LIBRARY OF CONGRESS CONTROL NUMBER
LC control number 2010017957
020 ## - INTERNATIONAL STANDARD BOOK NUMBER
International Standard Book Number 9780078137211 (alk. paper)
020 ## - INTERNATIONAL STANDARD BOOK NUMBER
International Standard Book Number 0078137217 (alk. paper)
035 ## - SYSTEM CONTROL NUMBER
System control number (OCoLC)ocn610019918
040 ## - CATALOGING SOURCE
Original cataloging agency DLC
Transcribing agency DLC
Modifying agency YDX
-- YDXCP
-- CDX
-- BWX
-- DLC
050 00 - LIBRARY OF CONGRESS CALL NUMBER
Classification number HD62.4.H548 2011
082 00 - DEWEY DECIMAL CLASSIFICATION NUMBER
Classification number 658/.049
Edition number 22
100 1# - MAIN ENTRY--PERSONAL NAME
Personal name Hill, Charles W. L.
245 10 - TITLE STATEMENT
Title Global business today /
Statement of responsibility, etc Charles W.L. Hill.
250 ## - EDITION STATEMENT
Edition statement 7th ed.
260 ## - PUBLICATION, DISTRIBUTION, ETC. (IMPRINT)
Place of publication, distribution, etc New York :
Name of publisher, distributor, etc McGraw-Hill/Irwin,
Date of publication, distribution, etc c2011.
300 ## - PHYSICAL DESCRIPTION
Extent xxvi, 630 p. :
Other physical details ill. (some col.), col. maps ;
Dimensions 26 cm.
504 ## - BIBLIOGRAPHY, ETC. NOTE
Bibliography, etc Includes bibliographical references (p. 564-590) and indexes.
650 #0 - SUBJECT ADDED ENTRY--TOPICAL TERM
Topical term or geographic name as entry element International business enterprises
General subdivision Management.
650 #0 - SUBJECT ADDED ENTRY--TOPICAL TERM
Topical term or geographic name as entry element International trade.
650 #0 - SUBJECT ADDED ENTRY--TOPICAL TERM
Topical term or geographic name as entry element Investments, Foreign.
650 #0 - SUBJECT ADDED ENTRY--TOPICAL TERM
Topical term or geographic name as entry element Capital market.
906 ## - LOCAL DATA ELEMENT F, LDF (RLIN)
a 7
b cbc
c orignew
d 1
e ecip
f 20
g y-gencatlg
942 ## - ADDED ENTRY ELEMENTS (KOHA)
Source of classification or shelving scheme
Koha item type Book
Holdings
Withdrawn status Lost status Source of classification or shelving scheme Damaged status Not for loan Home library Current library Shelving location Date acquired Total Checkouts Full call number Barcode Date last seen Date checked out Copy number Price effective from Koha item type
          Riara University Library Riara University Library General stack 23/06/2016 1 HD62.4.H548 2011 7089/16 11/09/2024 11/09/2024 C.1 23/06/2016 Book
          Riara University Library Riara University Library General stack 22/08/2016 1 HD62.4.H548 2011 8107/16 06/02/2020 29/01/2020 C.2 22/08/2016 Book
          Riara University Library Riara University Library General stack 23/08/2016   HD62.4.H548 2011 8095/16 23/08/2016   C.3 23/08/2016 Book

Riara University Library,
P.O. Box 49940-00100,
Nairobi, Kenya.